Manchester United-nagła śmierć - Statystyki

Ogólne statystyki
  • Ten quiz został rozwiązany 139 razy
  • Średni wynik to 14 z 15
Answers on the Grid
Answers color-coded by a green-red scale on the quiz's grid according to % correct below.
Casemiro
Zinadine Zidane
Gareth Bale
Paul Pogba
Wayne Rooney
Anthony Martial
Allison Becker
Samuel Eto'o
Wojciech Szczęsny
Nemanja Vidic
Patrick Evra
Raul
Bruno Fernandes
Benjamin Sesko
Roberto Carlos
Marcus Rashford
Lionel Messi
Carles Puyol
Cristiano Ronaldo
Rahem Sterling
Paolo Maldini
Toni Kross
Carlos Tevez
Alexis Sanchez
Robert Lewandowski
Harry Maguire
Diogo Dalot
Manuel Neuer
Kylian Mbappe
Luke Shaw
 
Statystyki odpowiedzi
Odpowiedź % Poprawnych
Casemiro
97%
Bruno Fernandes
96%
Anthony Martial
95%
Wayne Rooney
95%
Paul Pogba
94%
Marcus Rashford
93%
Benjamin Sesko
92%
Cristiano Ronaldo
92%
Patrick Evra
90%
Luke Shaw
89%
Nemanja Vidic
89%
Harry Maguire
88%
Diogo Dalot
86%
Alexis Sanchez
82%
Carlos Tevez
81%
Nie znaleziono quizów pasujących do podanych kryteriów
Rozkład punktacji
Procent ludzi z każdym wynikiem
Percentyl według liczby udzielonych odpowiedzi
Twoja historia wyników
Nie rozwiązałeś tego quizu